<?xml version="1.0" encoding="UTF-8"?>
<record
    xmlns:xsi="http://www.w3.org/2001/XMLSchema-instance"
    xsi:schemaLocation="http://www.loc.gov/MARC21/slim http://www.loc.gov/standards/marcxml/schema/MARC21slim.xsd"
    xmlns="http://www.loc.gov/MARC21/slim">

  <leader>01505nam a2200229   4500</leader>
  <controlfield tag="001">6157</controlfield>
  <datafield tag="010" ind1=" " ind2=" ">
    <subfield code="a">9789893813478</subfield>
  </datafield>
  <datafield tag="021" ind1=" " ind2=" ">
    <subfield code="b">562647/26</subfield>
  </datafield>
  <datafield tag="090" ind1=" " ind2=" ">
    <subfield code="a">6157</subfield>
  </datafield>
  <datafield tag="100" ind1=" " ind2=" ">
    <subfield code="a">20260629d2026    c||y0pory50030103ba</subfield>
  </datafield>
  <datafield tag="200" ind1="1" ind2=" ">
    <subfield code="a">Zeca Caf&#xE9;: UM Passeio pelo Jardim</subfield>
    <subfield code="f">Marisa Trigueir&#xE3;o</subfield>
    <subfield code="g">il. Carla Pinto</subfield>
  </datafield>
  <datafield tag="210" ind1=" " ind2="9">
    <subfield code="a">Lisboa</subfield>
    <subfield code="c">Flamingo,</subfield>
    <subfield code="d">2026</subfield>
  </datafield>
  <datafield tag="215" ind1=" " ind2=" ">
    <subfield code="a">33, [5] p.</subfield>
    <subfield code="c">il.</subfield>
  </datafield>
  <datafield tag="330" ind1=" " ind2=" ">
    <subfield code="a">No seguimento da obra Zeca Caf&#xE9; - A Hist&#xF3;ria de um Buldogue Franc&#xEA;s, nasce Zeca Caf&#xE9; - Um Passeio pelo Jardim, uma nova aventura cheia de ternura, amizade, descobertas e valores essenciais.
Num dos seus passeios di&#xE1;rios pelo jardim, Zeca Caf&#xE9; corre, salta e diverte-se como s&#xF3; ele sabe fazer. Entre risos e brincadeiras, algo diferente chama a sua aten&#xE7;&#xE3;o: um novo c&#xE3;ozinho, triste e sozinho, observa os outros &#xE0; dist&#xE2;ncia, desejando apenas fazer parte da brincadeira. Perante esta situa&#xE7;&#xE3;o, Zeca ter&#xE1; de fazer uma escolha: seguir de imediato para a divers&#xE3;o ou escutar o seu cora&#xE7;&#xE3;o generoso.
Ser&#xE1; que Zeca tamb&#xE9;m vai ignorar o novo amigo? Ou o seu cora&#xE7;&#xE3;o n&#xE3;o o deixa ficar indiferente? Vem descobrir esta nova aventura de Zeca Caf&#xE9; e aprender que a amizade come&#xE7;a, muitas vezes, com um simples gesto de empatia e inclus&#xE3;o.</subfield>
  </datafield>
  <datafield tag="606" ind1=" " ind2=" ">
    <subfield code="9">14</subfield>
    <subfield code="a">Literatura infantil</subfield>
  </datafield>
  <datafield tag="606" ind1=" " ind2=" ">
    <subfield code="9">15</subfield>
    <subfield code="a">Literatura Portuguesa</subfield>
  </datafield>
  <datafield tag="675" ind1=" " ind2=" ">
    <subfield code="a">82-93 / 821.134.3</subfield>
    <subfield code="v">BN</subfield>
    <subfield code="z">por</subfield>
  </datafield>
  <datafield tag="700" ind1=" " ind2=" ">
    <subfield code="a">Trigueir&#xE3;o</subfield>
    <subfield code="b">Marisa</subfield>
    <subfield code="f">1987-</subfield>
    <subfield code="9">5823</subfield>
  </datafield>
  <datafield tag="701" ind1=" " ind2=" ">
    <subfield code="9">5824</subfield>
    <subfield code="a">Pinto</subfield>
    <subfield code="b">Carla</subfield>
  </datafield>
  <datafield tag="801" ind1=" " ind2="0">
    <subfield code="a">PT</subfield>
    <subfield code="b">BMVN</subfield>
    <subfield code="g">RPC</subfield>
  </datafield>
  <datafield tag="830" ind1=" " ind2=" ">
    <subfield code="c">In&#xEA;s Silva</subfield>
    <subfield code="d">29/06/2026</subfield>
  </datafield>
  <datafield tag="990" ind1=" " ind2=" ">
    <subfield code="c">LIVROS</subfield>
  </datafield>
  <datafield tag="995" ind1=" " ind2=" ">
    <subfield code="0">0</subfield>
    <subfield code="2">0</subfield>
    <subfield code="5">2026-06-29</subfield>
    <subfield code="9">6771</subfield>
    <subfield code="b">BMVN</subfield>
    <subfield code="f">100000030244</subfield>
    <subfield code="k">LI POR/TRI</subfield>
    <subfield code="o">0</subfield>
    <subfield code="s"></subfield>
  </datafield>
</record>
